[Event "FRA-chT2 1011"]
[Site "France"]
[Date "2010.10.17"]
[Round "1.7"]
[White "Dabadie, Benoit"]
[Black "Bernier, Jean Claude"]
[Result "1-0"]
[WhiteElo "1935"]
[BlackElo "1990"]
[PlyCount "53"]
[EventDate "2010.10.17"]
[EventType "team-tourn"]
[EventRounds "11"]
[EventCountry "FRA"]
[SourceTitle "EXT 2012"]
[Source "ChessBase"]
[SourceDate "2011.11.24"]
[SourceVersion "1"]
[SourceVersionDate "2011.11.24"]
[SourceQuality "1"]

1. d4 d5 2. c4 e6 3. Nf3 Nf6 4. Bg5 c5 5. Nc3 cxd4 6. Nxd4 Be7 7. e3 a6 8. Qa4+ Nc6 9. Nxc6 bxc6 10. Qxc6+ Bd7 11. Qb7 Rb8 12. Qxa6 Rxb2 13. a3 0-0 14. Bd3 Qc7 15. 0-0 Bc6 16. Nb5 Qd7 17. Nd4 Bb7 18. Qa5 dxc4 19. Bxc4 Be4 20. f3 Bg6 21. a4 Bb4 22. Qb5 Qc7 23. Bf4 Qd7 24. Rfd1 Rd8 25. e4 Qa7 26. Be3 Bc3 27. Qe5 1-0